Un giorno questo dolore ti sarà utile /

Đã lưu trong:
Chi tiết về thư mục
Tác giả chính: Guerra, Andrea, (1961- compositore) (Nhà soạn nhạc)
Tác giả khác: Faenza, Roberto, (1943- ) (Giám đốc, Người viết kịch bản), Stein, Ron (Nhà sản xuất), Liu, Lucy (Diễn viên), Burstyn, Ellen (Diễn viên), Harden, Marcia Gay (Diễn viên), Canonero, Milena (Nhà sản xuất), Ferri, Elda (Nhà sản xuất), Heyman, Dahlia (Người viết kịch bản), Ortino, Tommaso, Regbo, Toby (Diễn viên), Lang, Stephen (Diễn viên), Calvesi, Maurizio, (1954- ) (Nhiếp ảnh gia), Elisa, (1977- ) (Ca sĩ), Gallagher, Peter (Diễn viên)
Định dạng: Slide
Ngôn ngữ:Tiếng Italy
Tiếng Anh
Được phát hành: Italia : 01 distribution, 2012
Các nhãn: Thêm thẻ
Không có thẻ, Là người đầu tiên thẻ bản ghi này!

MARC

LEADER 00000ngm a22000007i 4500
001 IT\ICCU\TSA\1366409
003 ItRI
005 20260124182816.0
008 120903s2012 it |||||||||||||||k|||||c
024 3 1 |a 8032807041421 
028 4 2 |a 04142  |b Jean Vigo Italia 
040 |b ita 
041 7 |a ita  |a eng  |2 ISO-639-2 
082 |a 791.43  |9 CINEMA  |2 19 
130 3 |a Un giorno questo dolore ti sarà utile <film ; 2011>  |3 IT\ICCU\TSA\1366411 
245 0 3 |a Un giorno questo dolore ti sarà utile /  |c un film di Roberto Faenza ; sceneggiatura: Roberto Faenza e Dahlia Heyman ; dal romanzo omonimo di Peter Cameron ; direttore della fotografia: Maurizio Calvesi ; musica: Andrea Guerra ; prodotto da Elda Ferri, Milena Canonero, Ron Stein ; cast: Toby Regbo, Marcia Gay Harden, Peter gallagher ... [et al.]. 
260 |a Italia :  |b 01 distribution,  |c 2012 
300 |a 1 DVD-video (104 min) :  |b a colori, PAL 
500 |a Titolo del contenitore 
500 |a Produzione: Italia/Stati Uniti, 2011 
500 |a Etichetta: Jean Vigo Italia 
500 |a Durata: 104 min 
500 |a Lingue: italiano, inglese 
500 |a Interpreti: Toby Regbo, Marcia Gay Harden, Peter Gallagher, Lucy Liu, Ellen Burstyn 
500 |a Caratteristiche tecniche: area 2; PAL; video 2.35 AVC; audio Dolby digital 2.0 (italiano, inglese), 5.1 (italiano). 
700 1 |a Faenza, Roberto,  |d  (1943- )  |0 IT\ICCU\CFIV\005291  |4 drt 
700 1 |a Faenza, Roberto,  |d  (1943- )  |0 IT\ICCU\CFIV\005291  |4 sce 
700 1 |a Cameron, Peter,  |d  (1959- )  |0 IT\ICCU\CFIV\073250  |4 ant 
700 1 |a Stein, Ron  |0 IT\ICCU\DDSV\241597  |4 pro 
700 1 |a Liu, Lucy  |0 IT\ICCU\MODV\281831  |4 act 
700 1 |a Guerra, Andrea,  |d  (1961-  |c compositore)  |0 IT\ICCU\PUVV\395082  |4 cmp 
700 1 |a Burstyn, Ellen  |0 IT\ICCU\RAVV\089023  |4 act 
700 1 |a Harden, Marcia Gay  |0 IT\ICCU\RAVV\092901  |4 act 
700 1 |a Canonero, Milena  |0 IT\ICCU\RAVV\281729  |4 pro 
700 1 |a Ferri, Elda  |0 IT\ICCU\RAVV\483741  |4 pro 
700 1 |a Heyman, Dahlia  |0 IT\ICCU\TSAV\603709  |4 sce 
700 1 |a Ortino, Tommaso  |0 IT\ICCU\TSAV\603710 
700 1 |a Regbo, Toby  |0 IT\ICCU\TSAV\603711  |4 act 
700 1 |a Lang, Stephen  |0 IT\ICCU\UBOV\001874  |4 act 
700 1 |a Calvesi, Maurizio,  |d  (1954- )  |0 IT\ICCU\UBOV\051380  |4 pht 
700 0 |a Elisa,  |d  (1977- )  |0 IT\ICCU\UBOV\514853  |4 sng 
700 1 |a Gallagher, Peter  |0 IT\ICCU\UBOV\561183  |4 act 
790 1 |a Toffoli, Elisa  |3 IT\ICCU\SBNV\007167  |z Elisa (1977- ) 
942 |2 ddc  |c VM  |n 0 
952 |0 0  |1 0  |4 0  |6 VO_1998_000000000000000  |7 0  |9 26646  |a BO  |b BO  |d 2026-01-24  |i 16779  |l 0  |o VO 1998  |p BO16779  |r 2026-01-24 18:28:16  |w 2026-01-24  |x [Sebina 5] [1 dvd]  |y VM  |z 1 dvd 
999 |c 22537  |d 22537